[Event "Ljubljana-chT 63rd 2nd League"]
[Site "Ljubljana"]
[Date "2010.03.11"]
[Round "8.4"]
[White "Zajc, Tine"]
[Black "Banko, Franci"]
[Result "0-1"]
[WhiteElo "1571"]
[BlackElo "1576"]
[PlyCount "110"]
[EventDate "2010.01.07"]
[EventType "team-tourn"]
[EventRounds "9"]
[EventCountry "SLO"]
[SourceTitle "EXT 2022"]
[Source "ChessBase"]
[SourceDate "2021.10.06"]
[SourceVersion "1"]
[SourceVersionDate "2021.10.06"]
[SourceQuality "1"]
[WhiteTeam "Komenda Gaber"]
[BlackTeam "Dom In Agencija Neprem"]
[WhiteTeamCountry "SLO"]
[BlackTeamCountry "SLO"]

1. e4 c5 2. Nc3 Nc6 3. f4 d6 4. Nf3 e5 5. d3 Nf6 6. g3 Bg4 7. Bg2 Be7 8. 0-0 0-0 9. h3 Bd7 10. f5 Nd4 11. Kh2 Nxf3+ 12. Qxf3 Bc6 13. g4 h6 14. Bh1 Nh7 15. Qg3 Bg5 16. Bxg5 Qxg5 17. h4 Qd8 18. Nd5 Bxd5 19. exd5 Nf6 20. g5 Nh5 21. Qg4 Nf4 22. gxh6 g6 23. Be4 Kh7 24. h5 g5 25. f6+ Kxh6 26. Qf5 Rh8 27. Rf3 Qc8 28. c4 Qxf5 29. Bxf5 Rhg8 30. Rg1 Rab8 31. b3 Ne2 32. Rg2 Nd4 33. Bg4 Nxf3+ 34. Bxf3 b5 35. Kh3 bxc4 36. dxc4 a5 37. Kg4 a4 38. Bd1 axb3 39. Bxb3 Rbe8 40. Ba4 Ra8 41. Bb3 e4 42. Re2 Rge8 43. Re3 Re5 44. a4 Rb8 45. Bc2 Rb4 46. a5 Rxc4 47. a6 Rxc2 48. Ra3 Re8 49. a7 Ra8 50. Ra6 Rg2+ 51. Kh3 Rf2 52. Rxd6 Kxh5 53. Rd7 Kg6 54. d6 Rxf6 55. Kg4 e3 0-1

[Event "SLO-chT3 West"]
[Site "Kocevje"]
[Date "2009.11.15"]
[Round "4"]
[White "Vertacnik, Viktor"]
[Black "Zajc, Tine"]
[Result "1/2-1/2"]
[WhiteElo "1656"]
[BlackElo "1552"]
[PlyCount "35"]
[EventDate "2009.11.13"]
[EventType "swiss"]
[EventRounds "5"]
[EventCountry "SLO"]
[SourceTitle "EXT 2022"]
[Source "ChessBase"]
[SourceDate "2021.10.06"]
[SourceVersion "1"]
[SourceVersionDate "2021.10.06"]
[SourceQuality "1"]

1. e4 e5 2. Nf3 Nc6 3. Bc4 Bc5 4. c3 Nf6 5. d3 a6 6. b4 Ba7 7. Qb3 0-0 8. a4 d6 9. 0-0 h6 10. Be3 Ne7 11. Nbd2 Ng6 12. b5 a5 13. Rab1 c6 14. bxc6 bxc6 15. Bb6 Bxb6 16. Qxb6 Qd7 17. d4 Re8 18. dxe5 1/2-1/2

[Event "SLO-chT3 West"]
[Site "Kocevje"]
[Date "2009.11.14"]
[Round "2"]
[White "Zajc, Tine"]
[Black "Kobe, Vincenc"]
[Result "0-1"]
[WhiteElo "1552"]
[BlackElo "1805"]
[PlyCount "76"]
[EventDate "2009.11.13"]
[EventType "swiss"]
[EventRounds "5"]
[EventCountry "SLO"]
[SourceTitle "EXT 2022"]
[Source "ChessBase"]
[SourceDate "2021.10.06"]
[SourceVersion "1"]
[SourceVersionDate "2021.10.06"]
[SourceQuality "1"]

1. e4 d5 2. exd5 Qxd5 3. Nc3 Qa5 4. Bc4 c6 5. d3 Bf5 6. Bd2 Qc7 7. h3 Nf6 8. Qe2 e6 9. g4 Bg6 10. f4 Be7 11. Nf3 h5 12. g5 Nd5 13. Ne5 Bf5 14. 0-0-0 Nd7 15. d4 Nxe5 16. fxe5 Nxc3 17. Bxc3 Bxg5+ 18. Bd2 Bxd2+ 19. Qxd2 0-0-0 20. Qe3 b5 21. Bd3 Bxd3 22. Qxd3 a6 23. Rhg1 g6 24. Qe4 Rd7 25. Rg3 Rhd8 26. Rc3 Rd5 27. Ra3 Qb6 28. Rad3 a5 29. Qf4 R8d7 30. Qd2 Rb7 31. Rf3 b4 32. Qf2 Rdd7 33. Rfd3 a4 34. Qe3 Rd5 35. Rf1 Qa6 36. Rf2 Rbd7 37. Rf3 Qc4 38. Kb1 Rxd4 0-1

[Event "SLO-ch U12"]
[Site "Rogaska Slatina"]
[Date "2009.02.24"]
[Round "4"]
[White "Zajc, Tine"]
[Black "Stariha, Andraz"]
[Result "1-0"]
[WhiteElo "1538"]
[BlackElo "1515"]
[PlyCount "65"]
[EventDate "2009.02.22"]
[EventType "swiss"]
[EventRounds "9"]
[EventCountry "SLO"]
[SourceTitle "CBM 129 Extra"]
[Source "ChessBase"]
[SourceDate "2009.05.05"]
[SourceVersion "2"]
[SourceVersionDate "2009.05.20"]
[SourceQuality "1"]

1. e4 e6 2. d4 d5 3. exd5 exd5 4. Bd3 Bd6 5. Qf3 Nf6 6. h3 h6 7. Ne2 0-0 8. 0-0 Nc6 9. c3 Re8 10. Bf4 Bxf4 11. Nxf4 Ne4 12. Bxe4 dxe4 13. Qg3 Qg5 14. Qxg5 hxg5 15. Nh5 g4 16. hxg4 Bxg4 17. Ng3 e3 18. f3 Bd7 19. Re1 Re7 20. Ne4 Bf5 21. Rxe3 Bxe4 22. fxe4 Rae8 23. Nd2 f5 24. e5 f4 25. Rf3 Rf8 26. Raf1 Ref7 27. Ne4 Na5 28. Nc5 Nc4 29. R3f2 b6 30. Ne6 Rc8 31. Nxf4 c5 32. Ne6 cxd4 33. Rxf7 1-0

[Event "Ljubljana-chT 62nd 2nd League"]
[Site "Ljubljana"]
[Date "2009.02.12"]
[Round "6.3"]
[White "Zajc, Tine"]
[Black "Korosec, Stefan"]
[Result "1/2-1/2"]
[WhiteElo "1538"]
[BlackElo "1690"]
[PlyCount "132"]
[EventDate "2009.01.08"]
[EventType "team-tourn"]
[EventRounds "9"]
[EventCountry "SLO"]
[SourceTitle "EXT 2022"]
[Source "ChessBase"]
[SourceDate "2021.10.06"]
[SourceVersion "1"]
[SourceVersionDate "2021.10.06"]
[SourceQuality "1"]
[WhiteTeam "Komenda Gaber"]
[BlackTeam "Barob Smarca II"]
[WhiteTeamCountry "SLO"]
[BlackTeamCountry "SLO"]

1. e4 e5 2. Nc3 Nc6 3. f4 exf4 4. Nf3 Nge7 5. Bc4 Ng6 6. 0-0 Bc5+ 7. Kh1 Na5 8. Bb3 c6 9. d4 Nxb3 10. axb3 Bb6 11. d5 d6 12. Nd4 Qf6 13. Ra4 Bd7 14. Nde2 0-0 15. Nxf4 Qd8 16. Ra1 Ne5 17. h3 f5 18. dxc6 Bxc6 19. Ne6 Qh4 20. Bg5 Qg3 21. Ne2 Qxg2+ 22. Kxg2 Bxe4+ 23. Kh2 Rac8 24. c3 Rfe8 25. N6d4 Bc7 26. Nb5 Nf3+ 27. Rxf3 Bxf3 28. Kg3 Bxe2 29. Qd5+ Kh8 30. Nxc7 Rxc7 31. Re1 Rc5 32. Qxd6 Rce5 33. Qd4 Re4 34. Qd2 h6 35. Bxh6 gxh6 36. Qxh6+ Kg8 37. Qg6+ Kh8 38. Qf6+ Kg8 39. Kf2 Rf4+ 40. Kg3 Rf3+ 41. Kg2 Rfe3 42. Kg1 Rxh3 43. Qxf5 Rhe3 44. Kf2 Rf3+ 45. Qxf3 Bxf3 46. Rxe8+ Kf7 47. Kxf3 Kxe8 48. Ke4 Kd7 49. Kd5 Kc7 50. c4 Kb6 51. b4 a6 52. b3 Kc7 53. Kc5 b6+ 54. Kd5 Kd7 55. c5 Kc7 56. b5 axb5 57. b4 Kb7 58. cxb6 Kxb6 59. Kd6 Ka6 60. Kc6 Ka7 61. Kxb5 Kb7 62. Kc5 Kc7 63. b5 Kb7 64. b6 Kb8 65. Kc6 Kc8 66. b7+ Kb8 1/2-1/2

[Event "SLO-ch U10"]
[Site "Postojna"]
[Date "2008.02.28"]
[Round "6"]
[White "Zajc, Tine"]
[Black "Stariha, Andraz"]
[Result "1-0"]
[WhiteElo "1528"]
[BlackElo "1500"]
[PlyCount "108"]
[EventDate "2008.02.24"]
[EventType "swiss"]
[EventRounds "9"]
[EventCountry "SLO"]
[SourceTitle "EXT 2010"]
[Source "ChessBase"]
[SourceDate "2010.11.25"]
[SourceVersion "1"]
[SourceVersionDate "2010.11.25"]
[SourceQuality "1"]

1. e4 e6 2. d4 d5 3. exd5 exd5 4. Bd3 Bd6 5. Qf3 Nf6 6. h3 h6 7. c3 Qe7+ 8. Ne2 0-0 9. 0-0 Re8 10. Bf4 Bxf4 11. Nxf4 c6 12. Nd2 Nbd7 13. Rfe1 Qd8 14. Rad1 Nb6 15. Kf1 Na4 16. Rxe8+ Qxe8 17. Rb1 Qd8 18. Nh5 Nxh5 19. Qxh5 Qb6 20. Qe5 Bd7 21. Qe7 Qd8 22. Qb4 Nb6 23. Nf3 Qf8 24. Qb3 Qd6 25. Ne5 Be6 26. Kg1 Qe7 27. Qc2 Qg5 28. Kh1 Re8 29. Re1 Nd7 30. Nxd7 Bxd7 31. Rxe8+ Bxe8 32. Qe2 Bd7 33. Qe3 Qxe3 34. fxe3 f6 35. Kh2 Kf7 36. Kg3 a5 37. Kf4 Ke7 38. h4 Kd6 39. Bf5 Bxf5 40. Kxf5 Ke7 41. Kg6 Kf8 42. Kf5 Ke7 43. h5 a4 44. e4 dxe4 45. Kxe4 Kd6 46. c4 b6 47. b3 axb3 48. axb3 Ke7 49. d5 cxd5+ 50. Kxd5 Kd7 51. c5 bxc5 52. Kxc5 Kc7 53. Kd5 Kd7 54. b4 Kc7 1-0

[Event "SLO-ch U10"]
[Site "Murska Sobota"]
[Date "2007.03.02"]
[Round "9"]
[White "Zajc, Tine"]
[Black "Urbanc, Peter"]
[Result "0-1"]
[WhiteElo "1500"]
[BlackElo "1550"]
[PlyCount "28"]
[EventDate "2007.02.25"]
[EventType "swiss"]
[EventRounds "9"]
[EventCountry "SLO"]
[SourceTitle "CBM 117 Extra"]
[Source "ChessBase"]
[SourceDate "2007.05.09"]
[SourceVersion "1"]
[SourceVersionDate "2007.05.09"]
[SourceQuality "1"]

1. e4 e5 2. f4 exf4 3. Nf3 Be7 4. Bc4 Bh4+ 5. Ke2 Nh6 6. Nc3 0-0 7. d3 Ng4 8. Bxf4 c6 9. Nxh4 Qxh4 10. Bg3 Qd8 11. Ke1 d5 12. exd5 Re8+ 13. Kd2 Qg5+ 14. Bf4 Qxf4# 0-1

[Event "SLO-ch U10"]
[Site "Murska Sobota"]
[Date "2007.02.27"]
[Round "4"]
[White "Asanin, Svarun"]
[Black "Zajc, Tine"]
[Result "0-1"]
[WhiteElo "1500"]
[BlackElo "1500"]
[PlyCount "60"]
[EventDate "2007.02.25"]
[EventType "swiss"]
[EventRounds "9"]
[EventCountry "SLO"]
[SourceTitle "CBM 117 Extra"]
[Source "ChessBase"]
[SourceDate "2007.05.09"]
[SourceVersion "1"]
[SourceVersionDate "2007.05.09"]
[SourceQuality "1"]

1. e4 e5 2. Nf3 Nc6 3. Nc3 Nf6 4. Bb5 Bc5 5. Bxc6 dxc6 6. Nxe5 Qd4 7. 0-0 Qxe5 8. d4 Qxd4 9. Qxd4 Bxd4 10. Re1 0-0 11. Ne2 Bc5 12. Nc3 Ng4 13. Re2 f5 14. Na4 Bd6 15. g3 fxe4 16. Nc3 Bc5 17. Nxe4 Re8 18. h3 Nxf2 19. Nf6+ gxf6 20. Rxe8+ Kf7 21. Re2 Nxh3+ 22. Kh2 Bg1+ 23. Kg2 Bg4 24. Re4 h5 25. Bf4 Rd8 26. Rxg1 Nxg1 27. Kxg1 Rd1+ 28. Kg2 Rd7 29. Rc4 f5 30. Rxc6 bxc6 0-1

[Event "SLO-ch U10"]
[Site "Murska Sobota"]
[Date "2007.02.26"]
[Round "2"]
[White "Udovc, Tomaz"]
[Black "Zajc, Tine"]
[Result "0-1"]
[WhiteElo "1500"]
[BlackElo "1500"]
[PlyCount "94"]
[EventDate "2007.02.25"]
[EventType "swiss"]
[EventRounds "9"]
[EventCountry "SLO"]
[SourceTitle "CBM 117 Extra"]
[Source "ChessBase"]
[SourceDate "2007.05.09"]
[SourceVersion "1"]
[SourceVersionDate "2007.05.09"]
[SourceQuality "1"]

1. e4 e5 2. Nf3 Nc6 3. Nc3 Nf6 4. Bc4 Bc5 5. 0-0 0-0 6. d3 h6 7. Na4 Bb6 8. Nxb6 axb6 9. Bd2 d6 10. c3 Bg4 11. d4 exd4 12. cxd4 Nxd4 13. Bc3 Nxf3+ 14. Kh1 Ne5 15. Be2 Bxe2 16. Qxe2 Qd7 17. Qe3 Qc6 18. Rfe1 Qc5 19. Qg3 Ra4 20. Bd2 Nh5 21. Qh4 Ng6 22. Qg4 Qxf2 23. Be3 Qxb2 24. Qxh5 Rxa2 25. Rxa2 Qxa2 26. Re2 Qa5 27. Qg4 Qa1+ 28. Bg1 Qe5 29. Rc2 c6 30. h3 Qf4 31. Qd7 Qxe4 32. Rb2 Qe7 33. Qf5 b5 34. Qf2 d5 35. Qc2 Qe4 36. Qc1 Re8 37. Bf2 Nf4 38. Qg1 Nd3 39. Rd2 Nxf2+ 40. Rxf2 Qe1 41. Rf1 Qe3 42. Rf2 d4 43. Qf1 Qe1 44. Rxf7 Qxf1+ 45. Rxf1 d3 46. Rd1 Rd8 47. Kg1 b4 0-1